La entrevista en las organizaciones /
Đã lưu trong:
| Tác giả chính: | |
|---|---|
| Tác giả khác: | , |
| Định dạng: | Sách |
| Ngôn ngữ: | Tiếng Tây Ban Nha |
| Được phát hành: |
México :
El Manual Moderno,
2007, c2007
|
| Phiên bản: | 2a edición |
| Những chủ đề: | |
| Các nhãn: |
Không có thẻ, Là người đầu tiên thẻ bản ghi này!
|
MARC
| LEADER | 00000nam^a2200000^a^4500 | ||
|---|---|---|---|
| 001 | 000361704 | ||
| 005 | 20250521000000.0 | ||
| 008 | 151016 20072007 | ||
| 009 | 20260310115459.269 | ||
| 020 | |a 978-970-729-285-7 | ||
| 037 | |a Acervo ITESO - Biblioteca | ||
| 041 | |a ESP | ||
| 082 | |a 658. 31124 |b GRA | ||
| 100 | |a Grados Espinosa, Jaime A. |e (autor) | ||
| 245 | 1 | 3 | |a La entrevista en las organizaciones / |c J.A. Grados, E. Sánchez Fernández ; pról. de J.C. Pardini Moss. |
| 250 | |a 2a edición | ||
| 264 | 4 | |a México : |b El Manual Moderno, |c 2007, c2007 | |
| 300 | |a 211 p. | ||
| 336 | |a texto |b txt |2 rdacontenido | ||
| 337 | |a sin mediación |b n |2 rdamedio | ||
| 338 | |a volumen |b nc |2 rdasoporte | ||
| 649 | |a XX | ||
| 650 | |a Entrevistas de Trabajo - |x Tema Principal | ||
| 650 | |a Selección y Contratación de Personal | ||
| 650 | |a Movilidad en el Trabajo | ||
| 650 | |a Recursos Humanos | ||
| 650 | |a Psicología Laboral - |x Tema Principal | ||
| 650 | |a Ciencias Administrativas | ||
| 700 | |a Sánchez Fernández, Elda Luisa |e (autor) | ||
| 700 | |a Pardini Moss, José Carlos |e (prólogo) | ||
| 910 | |a Fondo General | ||
| 920 | |a Impresos - Libros | ||
| 930 | |a Colección General | ||
| 905 | |a 101 | ||
| 901 | |a 0500255070 |b IT1 |c ACC |i C148122 |u 20250521 | ||
| 901 | |a 0500255073 |b IT1 |c ACC |i C148123 |u 20250521 | ||
| 902 | |a https://opac.biblio.iteso.mx/vufind/Record/000361704 | ||